Pennell of the Afghan Frontier (Record no. 293859)
[ view plain ]
| 000 -LEADER | |
|---|---|
| fixed length control field | 00264 a2200109 4500 |
| 001 - CONTROL NUMBER | |
| control field | 58786 |
| 082 ## - DEWEY DECIMAL CLASSIFICATION NUMBER | |
| Classification number | 362.042 PEN |
| 090 ## - LOCALLY ASSIGNED LC-TYPE CALL NUMBER (OCLC); LOCAL CALL NUMBER (RLIN) | |
| -- | 36100 |
| -- | 36100 |
| 100 ## - MAIN ENTRY--PERSONAL NAME | |
| Personal name | Pennell Alice M. |
| 245 ## - TITLE STATEMENT | |
| Title | Pennell of the Afghan Frontier |
| 260 ## - PUBLICATION, DISTRIBUTION, ETC. | |
| Place of publication, distribution, etc. | Lahore |
| Name of publisher, distributor, etc. | Sange-meil Pub |
| Date of publication, distribution, etc. | 1978 |
| 942 ## - ADDED ENTRY ELEMENTS (KOHA) | |
| Institution code [OBSOLETE] | NUST-CAE |
| Call number prefix | 362.042 PEN |
| Withdrawn status | Lost status | Damaged status | Not for loan | Collection code | Permanent Location | Current Location | Date acquired | Total Checkouts | Full call number | Barcode | Date last seen | Price effective from | Koha item type |
|---|---|---|---|---|---|---|---|---|---|---|---|---|---|
| College of Aeronautical Engineering (CAE) | College of Aeronautical Engineering (CAE) | 04/03/2017 | 362.042 PEN | CAE74094 | 04/05/2017 | 04/05/2017 | Book |
